Royal Navy Pre-Dreadnoughts - Statistics

General Stats
  • This quiz has been taken 135 times
  • The average score is 51 of 71
Answer Stats
Class Date Commissioned Service Tenure Fate Answer % Correct
Lord Nelson December 1, 1908 1908-1919 Scrapped in 1920 Lord Nelson
100%
Swiftsure June 21, 1904 1904-1917 Scrapped in 1920 Swiftsure
100%
King Edward VII February 7, 1907 1905-1916 Mined off Cape Wrath on January 6, 1916 King Edward VII
96%
London June 7, 1902 1902-1919 Scrapped in 1922 London
96%
Majestic December 1895 1895-1915 Sunk by U-21 on May 27, 1915 Majestic
96%
Royal Sovereign May 31, 1892 1892-1909 Scrapped in 1913 Royal Sovereign
96%
Duncan October 8, 1903 1903-1919 Scrapped in 1920 Duncan
92%
Ajax April 30, 1885 1885-1901 Scrapped in 1904 Ajax
88%
King Edward VII September 8, 1906 1906-1918 Sunk by UB-50 on November 9, 1918 Britannia
88%
Colossus October 31, 1886 1886-1908 Scrapped in 1908 Colossus
88%
Formidable October 10, 1901 1901-1915 Sunk by U-24 on January 1, 1915 Formidable
88%
Royal Sovereign June 1, 1893 1893-1911 Sunk as a blockship in 1914 Hood
88%
Renown January 1897 1897-1913 Scrapped in 1914 Renown
88%
Canopus December 5, 1899 1899 Scrapped in 1919 Canopus
85%
Devastation April 19, 1873 1873-1907 Scrapped in 1908 Devastation
85%
Inflexible July 5, 1881 1881-1903 Scrapped in 1903 Inflexible
85%
Victoria March 1890 1890-1893 Rammed and sunk by HMS Camperdown on June 22, 1893 Victoria
85%
Lord Nelson June 25, 1908 1908-1919 Scrapped in 1927 Agamemnon
81%
Ajax March 29, 1883 1883-1903 Scrapped in 1903 Agamemnon
81%
King Edward VII January 2, 1907 1907-1917 Scrapped in 1921 Hibernia
81%
Neptune March 28, 1883 1883-1903 Scrapped in 1903 Neptune
81%
London April 7, 1904 1904-1919 Scrapped in 1921 Queen
81%
Royal Sovereign January 14, 1896 1896-1915 Renamed Redoubtable, Scrapped in 1919 Revenge
81%
Royal Sovereign January 14, 1896 1896-1911 Scrapped in 1914 Royal Oak
81%
Trafalgar April 2, 1890 1890-1912 Scrapped in 1912 Trafalgar
81%
King Edward VII November 6, 1906 1906-1918 Scrapped in 1920 Africa
77%
Centurion February 14, 1894 1894-1909 Scrapped in 1910 Centurion
77%
Dreadnought 1884 1884-1905 Scrapped in 1908 Dreadnought
77%
Royal Sovereign October 17, 1893 1893-1911 Scrapped in 1913 Ramillies
77%
King Edward VII May 9, 1905 1905-1921 SCrapped in 1921 Commonwealth
73%
King Edward VII August 22, 1905 1905-1918 Scrapped in 1921 Hindustan
73%
London May 18, 1904 1904-1919 Scrapped in 1920 Prince of Wales
73%
Royal Sovereign April 25, 1894 1894-1911 Scrapped in 1911 Repulse
73%
Majestic November 4, 1896 1896-1920 Scrapped in 1923 Victorious
73%
Canopus June 25, 1901 1901-1919 Scrapped in 1919 Albion
69%
King Edward VII August 25, 1905 1905-1918 Scrapped in 1921 Dominion
69%
Canopus November 1, 1900 1900-1921 Scrapped in 1922 Glory
69%
Majestic April 15, 1898 1898-1919 Scrapped in 1920 Illustrious
69%
Royal Sovereign December 5, 1893 1893-1911 Scrapped in 1914 Resolution
69%
Admiral June 1888 1888-1909 Scrapped in 1909 Rodney
69%
Swiftsure June 21,, 1904 1904-1915 Sunk by U-21 on July 25, 1915 Triumph
69%
Canopus April 8, 1902 1902-1920 Scrapped in 1921 Vengeance
69%
London March 18, 1902 1902-1914 Destroyed by internal explosion on November 26, 1914 Bulwark
65%
Admiral July 1889 1889-1911 Scrapped in 1911 Camperdown
65%
Majestic June 8, 1897 1897-1920 Scrapped in 1921 Mars
65%
Duncan July 28, 1903 1903-1906 Wrecked on Lundy Island in 1906 Montagu
65%
Duncan February 19, 1903 1903-1916 Mined off Malta on April 27, 1916 Russell
65%
Duncan November 12, 1903 1903-1919 Scrapped in 1920 Albemarle
62%
Duncan June 2, 1903 1903-1919 Scrapped in 1920 Exmouth
62%
Admiral July 18, 1889 1889-1904 Scrapped in 1910 Howe
62%
Formidable September 10, 1901 1901-1919 Scrapped in 1921 Implacable
62%
Majestic June 8, 1897 1897-1918 Scrapped in 1920 Jupiter
62%
Majestic December 12, 1895 1895-1921 Scrapped in 1921 Magnificent
62%
Trafalgar July 10, 1891 1891-1912 Scrapped in 1912 Nile
62%
Canopus February 20, 1900 1900-1915 Mined and sunk on March 18, 1915 Ocean
62%
Admiral May 28, 1889 1889-1909 Scrapped in 1909 Anson
58%
Centurion June 22, 1894 1894-1909 Scrapped in 1910 Barfleur
58%
Majestic January 13, 1898 1898-1920 Scrapped in 1921 Caesar
58%
Canopus March 27, 1900 1900-1915 Sunk by Ottoman destroyer Muavenet on May 13, 1915 Goliath
58%
Majestic April 1898 1898-1920 Scrapped in 1920 Hannibal
58%
Formidable February 4, 1902 1902-1915 Mined and sunk on March 18, 1915 Irresistible
58%
Majestic November 26, 1896 1896-1920 Scrapped in 1921 Prince George
58%
London November 12, 1902 1902-1918 Scrapped in 1922 Venerable
58%
Duncan February 9, 1904 1904-1917 Sunk by U-32 on January 9, 1917 Cornwallis
54%
Royal Sovereign September 11, 1893 1893-1912 Sunk as a target November 4, 1913 Empress of India
54%
King Edward VII July 11, 1905 1905-1921 Scrapped in 1921 Zealandia
54%
Admiral July 1887 1887-1909 Scrapped in 1909 Collingwood
50%
Admiral June 1888 1888- 1909 Scrapped in 1909 Benbow
42%
Victoria July 8, 1891 1891-1907 Scrapped in 1907 Sans Pareil
42%
Devastation May 26, 1877 1877-1909 Scrapped in 1909 Thunderer
42%
Colossus July 8, 1887 1887-1910 Scrapped in 1910 Edinburgh
35%
No matching quizzes found
Score Distribution
Percent of People with Each Score
Percentile by Number Answered
Your Score History
You have not taken this quiz